000 00506nam a2200145 i 4500
001 37803
003 ES-MaACL
007 t|
008 030221s1965 sp ||||1| spa d
100 1 _aCadenas y Vicent, Vicente de.
_933391
245 1 0 _aIndice de apellidos probados en la Orden de Carlos 3º
_b: antecedentes de otros que se conservan en sus expedientes /
_cVicente de Cadenas y Vicent.
260 _aMadrid :
_bHidalguía,
_c1965.
300 _a502 p. ;
_c26 cm.
852 _aES-MaACL
_jL-9780
_bR.111014
999 _c37803
_d37803